• 首页
  • 本馆介绍
  • 公告通知
  • 最新文献
  • 馆藏检索
  • 电子资源
  • 读者导购
  • 参考咨询
  • 我的图书馆
  • 登录
  • 详细信息显示
  • 放入我的书架
  • 预约/预借图书
  • 作者相关作品
  • 分类相关作品
  • 丛书相关作品
  • 出版社相关作品

书目信息

  • 表格格式
  • 工作单格式
  • 卡片格式
题名:
全家人的蔬果汁使用手册
    
 
作者: 文娟 主编
分册:  
出版信息: 北京   中国华侨出版社  2013
页数: 317页
开本: 25cm
丛书名:
单 册:
中图分类: TS275.5
科图分类:
主题词: 蔬菜 , 手册 , 制作 , 饮料 , 果汁饮料
电子资源:
ISBN: 978-7-5113-3155-7
000 00814nam0 2200277 450
001 3378
001 01CN08564443@CSLN
005 20160926090715.89
010    @a978-7-5113-3155-7@b精装@dCNY68.00
100    @a20130531d2013 em y0chiy0110 ea
101 0  @achi
102    @aCN@b110000
105    @aa z 000yy
200 1  @a全家人的蔬果汁使用手册@9Quan jia ren de shu guo zhi shi yong shou ce@f文娟主编
210    @a北京@c中国华侨出版社@d2013
215    @a317页@c彩图@d25cm
330    @a本书融合传统养生精髓与现代饮膳平衡理念,精选出700多款营养蔬果汁,口味多样、配搭合理、营养全面。
606 0  @a蔬菜
606 0  @a手册
606 0  @a制作
606 0  @a饮料
606 0  @a果汁饮料
690    @aTS275.5@v5
701  0 @a文娟@4主编
801  0 @aCN@b唐山师范学院图书馆@c20151001
905    @aZUCC@dTS275.5@e217
    
    全家人的蔬果汁使用手册/文娟主编.-北京:中国华侨出版社,2013
    317页:彩图;25cm
    
    
    ISBN 978-7-5113-3155-7(精装):CNY68.00
    本书融合传统养生精髓与现代饮膳平衡理念,精选出700多款营养蔬果汁,口味多样、配搭合理、营养全面。
●
相关链接 在E读中查询图书 在五车中查询图书 在当当中查询图书 在豆瓣中查询图书


正题名:全家人的蔬果汁使用手册     索取号:TS275.5/217         预约/预借

序号 登录号 条形码 馆藏地/架位号 状态 备注
1 904878   209048788   第二样本阅览室/ [索取号:TS275.5/217] 在馆    
2 904879   209048797   第三借阅区/ [索取号:TS275.5/217] 在馆    
3 904880   209048804   第三借阅区/ [索取号:TS275.5/217] 在馆    
4 904881   209048813   第三借阅区/ [索取号:TS275.5/217] 在馆    
5 904882   209048822   第三借阅区/ [索取号:TS275.5/217] 在馆    
唐山师范学院图书馆 欢迎您!
大连网信软件有限公司© 版权所有